000
00203pam a2200121 a 4500
020
_c
041
_h
100
_a
CPR
245
_a
Eco-Clubs
300
_a
3
653
_a
Environment
930
_a
943
999
_c
246796
_d
246796